Posicionamiento: la batalla por su mente

Պահպանված է:
Մատենագիտական մանրամասներ
Հիմնական հեղինակներ: Ries, Al (Հեղինակ), Trout, Jack (Հեղինակ)
Ձևաչափ: Գիրք
Լեզու:իսպաներեն
Հրապարակվել է: Ciudad de México McGraw Hill 2007
Խորագրեր:
Ցուցիչներ: Ավելացրեք ցուցիչ
Չկան պիտակներ, Եղեք առաջինը, ով նշում է այս գրառումը!

MARC

LEADER 00000nam a2200000 a 4500
001 UCI5410
003 CL-VaPUC
008 080328e20070000MX |||||||||||||||||spa|d
020 |a 9789701036686 
082 0 4 |a 659.1  |b RIE  |2 21 
100 0 |a Ries, Al  |e author  |9 527765 
700 0 |a Trout, Jack  |e author  |9 527766 
245 1 0 |a Posicionamiento: la batalla por su mente 
300 |a 246 p 
942 |c BK 
945 |d 20080328 00:00:00  |a rbrito 
260 |a Ciudad de México  |b McGraw Hill  |c 2007 
650 0 |a Publicidad  |9 314572 
650 0 |a Marketing  |9 259324 
650 7 |a COMUNICACION DE MASAS  |2 CL-VaPUC  |9 334823 
650 0 |a Información  |9 256927 
650 0 |a Comportamiento del consumidor  |9 331318 
650 0 |a Educación del consumidor  |9 359622 
650 0 |a Gestión de mercados  |9 350125 
583 |a last modification  |c 20080328 00:00:00  |k Rodrigo Vera 
999 |c 329158  |d 329156 
952 |0 0  |1 0  |4 0  |6 659_100000000000000_RIE_2007  |7 0  |8 A  |9 413509  |a BIBENE  |b BIBENE  |d 2019-11-22  |i 4418484  |l 1  |o 659.1 RIE 2007  |p 4418484  |r 2025-01-15  |s 2021-11-30  |w 2019-11-22  |y BK  |k ICO